| 000 | 01036nam a22002417a 4500 | ||
|---|---|---|---|
| 005 | 20250123101022.0 | ||
| 008 | 240829b ||||| |||| 00| 0 eng d | ||
| 020 | _a9789395107471 | ||
| 040 | _cAL | ||
| 041 | _aHindi | ||
| 082 |
_223 _aH891.4 _bSINK |
||
| 100 |
_aSushma Singh and others _9194726 |
||
| 100 |
_9178141 _dसिंह( सुषमा) |
||
| 245 |
_aKaryalayi hindi aur computer _b कार्यालयी हिंदी और कंप्यूटर |
||
| 260 |
_aKanpur _bAman Prakashan _c2023 |
||
| 300 |
_a199 p. _bHB _c21x14 cm. |
||
| 365 |
_a127 _b₹525.00 _c₹ _d₹700.00 _e25% _f31-07-2024 |
||
| 650 |
_aRashtriy shiksha neethi 2020 ke anuroop राष्ट्रिय शिक्षा नीति 2020 के अनुरूप _9178131 |
||
| 650 |
_aComputer कंप्यूटर _9178132 |
||
| 700 |
_aSINGH (Rajesh Kumar) सिंह (राजेश कुमार) _9178134 |
||
| 700 |
_aSINGH (Alok kumar) सिंह (अलोक कुमार) _9178135 |
||
| 942 |
_2ddc _cBK |
||
| 999 |
_c231633 _d231633 |
||